Introduction to number theory
保存先:
| 第一著者: | |
|---|---|
| フォーマット: | 図書 |
| 言語: | 英語 |
| 出版事項: |
Nueva York
John Wiley
1951
|
| 主題: | |
| タグ: |
タグ追加
タグなし, このレコードへの初めてのタグを付けませんか!
|
MARC
| LEADER | 00000nam a2200000 a 4500 | ||
|---|---|---|---|
| 001 | UCW0953 | ||
| 003 | CL-VaPUC | ||
| 008 | 900713e19510000US |||||||||||||||||eng|d | ||
| 082 | 0 | 4 | |a 512.7 |b NAG |2 21 |
| 100 | 0 | |a Nagell, Trygve |e author |9 304871 | |
| 245 | 1 | 0 | |a Introduction to number theory |
| 300 | |a 309 p | ||
| 942 | |c BK | ||
| 945 | |d 19900713 00:00:00 | ||
| 260 | |a Nueva York |b John Wiley |c 1951 | ||
| 650 | 0 | |a Teoría de números |9 265327 | |
| 583 | |a last modification |c 19900713 00:00:00 |k Rodrigo Vera | ||
| 999 | |c 215957 |d 215955 | ||
| 952 | |0 0 |1 0 |4 0 |6 512_700000000000000_NAG_1951 |7 0 |8 A |9 201255 |a BIBMAT |b BIBMAT |d 2019-11-14 |i 2684357 |o 512.7 NAG 1951 |p 2684357 |r 2025-01-07 |w 2019-11-14 |y BK |k MAT | ||
| 952 | |0 0 |1 0 |4 0 |6 512_700000000000000_NAG_1951 |7 0 |8 A |9 201256 |a BIBMAT |b BIBMAT |d 2019-11-14 |i 2684365 |o 512.7 NAG 1951 |p 2684365 |r 2025-01-07 |w 2019-11-14 |y BK |k MAT | ||